| 000 | 01529nam0a2200373 4500 | ||
|---|---|---|---|
| 001 | RU\NLR\bibl\188012 | ||
| 005 | 20260405214156.0 | ||
| 010 |
_a5-7838-0912-8 _95000 |
||
| 021 |
_aRU _b2001-22955 _91088 |
||
| 035 | _a(NLR Aleph) 000184565 | ||
| 090 |
_a1066146 _c1066146 |
||
| 100 | _a20010803d2001 |||y0rusy50 ca | ||
| 101 | 0 | _arus | |
| 102 | _aRU | ||
| 105 | _aa ||||||||| | ||
| 200 | 1 |
_aГород Солнца _eРассказы и воспоминания очевидцев о прошлом и настоящем Солнцева _fИ. В. Соколова, В. И. Соколов |
|
| 210 |
_aМ. _cВече _d2001 |
||
| 215 |
_a269, [2] с., [16] л. ил. _d21 |
||
| 607 |
_aСолнцево, город (Московская область) _xИстория _92220502 _3RU\NLR\auth\661333385 |
||
| 610 | 0 | _aМосква - Краеведение | |
| 610 | 0 | _aМосква, краеведение | |
| 675 |
_a908(470-25-212Солнцево) _v3 _zrus |
||
| 686 |
_a39.23 _2rugasnti |
||
| 686 |
_a26.89(2-2Москва) _2rubbk |
||
| 686 | _aТ3(2Р-4Мо-2С) | ||
| 700 | 1 |
_4070 _8rus _7ca _aСоколова _bИ. В. _cпедагог, англ. язык _gИнна Викторовна _3RU\NLR\auth\7797152 _980078 |
|
| 701 | 1 |
_aСоколов _gВладислав Иванович _4070 |
|
| 801 | 0 |
_aRU _bRKP _c20010803 _gPSBO |
|
| 801 | 1 |
_aRU _bRKP _c20010803 |
|
| 801 | 2 |
_aRU _bNLR _c20110310 _grcr |
|
| 942 | _cBOOK | ||
| 980 | _aNB | ||